Riešenie sporov vo WTO

Systém riešenia sporov v rámci WTO obsahuje niekoľko základných zmien v porovnaní so systémom riešenia sporov v GATT, a to ustanovenia o odvolacom konaní a o odškodnení, určenie prísnych časových limitov pre rozdielne etapy procesu riešenia sporov, poskytnutie negatívneho konsenzu a ustanovenie povi...

Ausführliche Beschreibung

Gespeichert in:
Bibliographische Detailangaben
1. Verfasser: Pyteľová, Klaudia, 1985-
Format: Buchkapitel
Sprache:Slowakisch
Schlagworte:
Tags: Tag hinzufügen
Keine Tags, Fügen Sie das erste Tag hinzu!

MARC

LEADER 00000nla$a2200000$$$4500
001 0113655
005 20240502083300.9
041 0 |a slo 
044 |a CZ 
245 1 0 |a Riešenie sporov vo WTO  |c Klaudia Pyteľová 
520 |a Systém riešenia sporov v rámci WTO obsahuje niekoľko základných zmien v porovnaní so systémom riešenia sporov v GATT, a to ustanovenia o odvolacom konaní a o odškodnení, určenie prísnych časových limitov pre rozdielne etapy procesu riešenia sporov, poskytnutie negatívneho konsenzu a ustanovenie povinnosti strán zdržať sa prijímania jednostranných opatrení. 
610 2 0 |a organizácie obchodu zahraničného 
610 2 0 |a Svetová obchodná organizácia 
610 2 0 |a spory súdne 
100 1 |a Pyteľová, Klaudia, 1985-